000 00624nam a22002177a 4500
005 20170124105941.0
010 _aA-682618
020 _c17.00
035 _aA-682618
037 _bCen Lib/Ret
040 _aDPL
_bEN
082 _a230.35
_2PAD
100 _aPadmanaban A.
_911285
245 _aStory of eight saint reformer /
_cby A. Padamanaban
260 _aNew Delhi
_bMinistry of information and broadcasting
_c1993
270 _bNew Delhi
_aPatiala house
300 _a56p.
_c19cm(Hb)
650 _aHinduism
_y
_911286
650 _aReligious leader
_911287
942 _2ddc
_cEN
_h230.35
_mPAD
999 _c124592
_d124592